| 000 | 00665nam a2200217Ia 4500 | ||
|---|---|---|---|
| 008 | 160517s9999 xx 000 0 und d | ||
| 050 | _aQA 76.9 | ||
| 050 | _b.C167 2016 | ||
| 100 | _aCalvento, Maria Carmela M. | ||
| 245 | _aE-recruitment usage of human resource management practitioners in educational and financial institution / | ||
| 245 | _cMaria Carmela M. Calvento. | ||
| 260 | _aLas PiƱas, Philippines : | ||
| 260 | _bSISC, | ||
| 260 | _c2016. | ||
| 300 | _a67 pages : | ||
| 300 | _billustrations ; | ||
| 300 | _c28 cm. | ||
| 500 | _aIncludes bibliographical references and appendices. | ||
| 521 | _aBusiness Administration | ||
| 942 | _cTH | ||
| 999 |
_c293975 _d293975 |
||